| 000 | 00000nam##2200000za#4500 |
| 001 | 9.662025 |
| 003 | CaOODSP |
| 005 | 20200330140712 |
| 007 | ta |
| 008 | 150407|2000||||xxc||||| f|0| 0 eng|d |
| 020 | |a0-662-65106-5 |
| 040 | |aCaOODSP|beng |
| 041 | |aeng |
| 041 | |afre |
| 043 | |an-cn--- |
| 086 | 1 |aSW21-58/2000 |
| 110 | 1 |aCanada. |bStatus of Women Canada. |
| 245 | 10|aYesterday and today, francophone women in Canada |
| 260 | |aOttawa - Ontario : |bStatus of Women Canada |c2000. |
| 546 | |aBilingual |
| 563 | |aPamphlet |
| 590 | |a00-29|b2000-07-21 |
| 690 | 07|aFrancophonie|2gcpds |
| 690 | 07|aStatus of women|2gcpds |
| 776 | 0#|tD'hier et d'aujourd'hui, les femmes francophones au Canada |w(CaOODSP)9.642522 |
| 776 | 0#|tYesterday and today, francophone women in Canada |w(CaOODSP)9.698515 |
| 792 | |tD'hier et d'aujourd'hui, les femmes francophones au Canada |efre|w(CaOODSP)9.662026 |